Trh s nehnuteľnosťami bakalárska práca

Uložené v:
Podrobná bibliografia
Hlavný autor: Gdovin, Jaroslav
Korporativný autor: Národohospodárska fakulta EU. Katedra bankovníctva a medzinárodných financií
Ďalší autori: Trúchly, Peter
Médium: Kniha
Jazyk:Slovak
Vydavateľské údaje: Bratislava 2009
Tagy: Pridať tag
Žiadne tagy, Buďte prvý, kto otaguje tento záznam!

MARC

LEADER 00000nam$a2200000$$$4500
001 0100146
005 20240319123413.8
041 0 |a slo 
044 |a SK 
245 1 0 |a Trh s nehnuteľnosťami  |b bakalárska práca  |c Jaroslav Gdovin ; škol. Peter Trúchly 
264 1 |a Bratislava  |c 2009 
300 |a 50 s. 
100 1 |a Gdovin, Jaroslav 
700 1 |a Trúchly, Peter 
710 2 |a Národohospodárska fakulta EU. Katedra bankovníctva a medzinárodných financií